| 000 | 00481nam a2200169 a 4500 | ||
|---|---|---|---|
| 001 | 000048575 | ||
| 005 | 20201002061241.0 | ||
| 008 | 190401s2018 dr ac 000 0 spa d | ||
| 020 | _a9789945176780 | ||
| 040 |
_aDO-SdBNP _bspa _cBNPHU |
||
| 082 |
_axxx _bxxx |
||
| 245 | 0 | 0 |
_aHola, Jesús 4 secundaria : _breligión católica. /. |
| 260 |
_aSanto Domingo, _SSM _c2018. |
||
| 300 |
_a127 p. : _bil., retr. ; _c28 cm. |
||
| 500 | _aIncluye glosario | ||
| 590 | _aInventariado, 2019/ YL | ||
| 999 |
_c48063 _d48063 |
||